书目信息 |
| 题名: |
面板数据半参数空间滞后计量模型的理论和应用
|
|
| 作者: | 陈建宝, , 孙林, 著 | |
| 分册: | ||
| 出版信息: | 北京 科学出版社 2018.06 |
|
| 页数: | 162页 | |
| 开本: | 24cm | |
| 丛书名: | ||
| 单 册: | ||
| 中图分类: | F222.1 , F222 | |
| 科图分类: | ||
| 主题词: | 经济统计--jing ji tong ji--统计数据--空间模型 | |
| 电子资源: | ||
| ISBN: | 978-7-03-055985-2 | |
| 000 | 01261nam0 2200277 450 | |
| 001 | 2254192849 | |
| 005 | 20220915150403.33 | |
| 010 | @a978-7-03-055985-2@dCNY78.00 | |
| 092 | @aCN@b人天836-3505 | |
| 100 | @a20180703d2018 em y0chiy50 ea | |
| 101 | 0 | @achi |
| 102 | @aCN@b110000 | |
| 105 | @aak a 000yy | |
| 200 | 1 | @a面板数据半参数空间滞后计量模型的理论和应用@Amian ban shu ju ban can shu kong jian zhi hou ji liang mo xing de li lun he ying yong@f陈建宝, 孙林著 |
| 210 | @a北京@c科学出版社@d2018.06 | |
| 215 | @a162页@c图@d24cm | |
| 314 | @a陈建宝, 1965年生, 澳大利亚科廷理工大学统计学博士。现任福建师范大学二级教授。孙林, 1986年生, 厦门大学经济学博士。现为中国人民银行济南分行国际收支处主任科员。 | |
| 320 | @a有书目 (第152-162页) | |
| 330 | @a本书在非、半参数回归模型和空间计量模型发展概况以及相关预备知识进行简要介绍的基础上, 构建了系列面板数据半参数空间滞后模型: 包括固定效应空间滞后单指数模型、随机效应空间滞后单指数模型、固定效应空间滞后变系数模型和随机效应空间滞后变系数模型。 | |
| 606 | 0 | @a经济统计@Ajing ji tong ji@x统计数据@x空间模型 |
| 690 | @aF222.1@v5 | |
| 690 | @aF222@v4 | |
| 701 | 0 | @a陈建宝,@Achen jian bao@f1965-@4著 |
| 701 | 0 | @a孙林,@Asun lin@f1986-@4著 |
| 801 | 0 | @aCN@b人天书店@c20180703 |
| 905 | @aZUCC@dF222@e91 | |
| 面板数据半参数空间滞后计量模型的理论和应用/陈建宝, 孙林著.-北京:科学出版社,2018.06 |
| 162页:图;24cm |
| ISBN 978-7-03-055985-2:CNY78.00 |
| 本书在非、半参数回归模型和空间计量模型发展概况以及相关预备知识进行简要介绍的基础上, 构建了系列面板数据半参数空间滞后模型: 包括固定效应空间滞后单指数模型、随机效应空间滞后单指数模型、固定效应空间滞后变系数模型和随机效应空间滞后变系数模型。 |
| ● |
| 相关链接 |
|
|
|
正题名:面板数据半参数空间滞后计量模型的理论和应用
索取号:F222/91
 
预约/预借
| 序号 | 登录号 | 条形码 | 馆藏地/架位号 | 状态 | 备注 |
| 1 | 2000891970 | 2000891970 | 第三书库/ [索取号:F222/91] | 在馆 | |
| 2 | 2000891971 | 2000891971 | 第三书库/ [索取号:F222/91] | 在馆 | |
| 3 | 2000891972 | 2000891972 | 第三书库/ [索取号:F222/91] | 在馆 |